Το δίκαιο της θάλασσας εν καιρώ πολέμου : πρακτική εμπειρία στο Μεσογειακό χώρο : διπλωματική εργασία [μεταπτυχιακή εργασία]

Αποθηκεύτηκε σε:
Λεπτομέρειες βιβλιογραφικής εγγραφής
Κύριος συγγραφέας: Καλογερόπουλος, Ευάγγελος
Συγγραφή απο Οργανισμό/Αρχή: Πανεπιστήμιο Αιγαίου Σχολή Ανθρωπιστικών Επιστημών Τμήμα Μεσογειακών Σπουδών Πρόγραμμα Μεταπτυχιακών Σπουδών Πολιτικές, Οικονομικές και Διεθνείς Σχέσεις στη Μεσόγειο
Άλλοι συγγραφείς: Σεϊμένης, Γιάννης (Εισηγητής διατριβής)
Μορφή: Thesis Βιβλίο
Γλώσσα:Greek
Δημοσίευση: 2009
Θέματα:
Διαθέσιμο Online:http://hdl.handle.net/11610/12268
Ετικέτες: Προσθήκη ετικέτας
Δεν υπάρχουν, Καταχωρήστε ετικέτα πρώτοι!

MARC

LEADER 00000cam a2200000 i 4500
001 1/13625
008 110609s2009 gre d
035 |l 10110271 
040 |a GR-MY-UA  |b gre  |e aacr 
041 0 |a gre 
082 0 |a 341.45  |2 (22) 
100 1 |a Καλογερόπουλος, Ευάγγελος. 
245 1 3 |a Το δίκαιο της θάλασσας εν καιρώ πολέμου :  |b πρακτική εμπειρία στο Μεσογειακό χώρο : διπλωματική εργασία [μεταπτυχιακή εργασία] /  |c Καλογερόπουλος Ευάγγελος ; επιβλέπων: Σεϊμένης Ιωάννης 
260 |c 2009 
300 |a 117 σ.;  |c 30 εκ. 
500 |a Μέλη εξεταστικής επιτροπής: Γούναρης Εμμανουήλ, Μανώλη Παναγιώτα 
502 |a Διατριβή (μεταπτυχιακή) – Πανεπιστήμιο Αιγαίου, Ρόδος, 2009. 
504 |a Βιβλιογραφία: σ. 114-117 
650 0 0 |a Maritime law. 
650 0 0 |a Law of the sea  |x Congresses. 
650 0 0 |a Law of the sea  |z Aegean Sea Region. 
650 0 0 |a Dissertations, Academic  |z Greece. 
700 1 |a Σεϊμένης, Γιάννης.  |4 ths 
710 2 |a Πανεπιστήμιο Αιγαίου  |b Σχολή Ανθρωπιστικών Επιστημών  |b Τμήμα Μεσογειακών Σπουδών  |b Πρόγραμμα Μεταπτυχιακών Σπουδών Πολιτικές, Οικονομικές και Διεθνείς Σχέσεις στη Μεσόγειο. 
852 |a INST  |b RHODES  |c DIATR  |e 20110609  |h 341.45 ΚΑΛ  |p 005400033253  |q 005400033253  |t MTXE  |y 23 
852 |a INST  |b RHODES  |c DIATR  |e 20110609  |h 341.45 ΚΑΛ  |p 005400033424  |q 005400033424  |t MTXE  |y 23 
856 |u http://hdl.handle.net/11610/12268 
901 |a BIBL4-2011-2 
909 |a Ρ  |b 163668 
909 |a Ρ  |b 163669 
924 |a ΚΑΛΟΓΕΡΟΠΟΥΛΟΣ  |b ΕΥΑΓΓΕΛΟΣ  |y ΡΟΔΟΣ  |z 2011-06 
970 |z 2010/05/